000 00509nam a2200181Ia 4500
999 _c32265
_d32265
003 OSt
005 20200804121331.0
008 190216s9999||||xx |||||||||||||| ||und||
020 _a9788181478870
040 _coclc
082 _a510
_bKOS/D
100 _aKoshy, Thomas
_93943
245 0 _aDiscrete Mathematics With Applications /
_cThomas Koshy
260 _bAcademic Press,
_c2006.
_aUSA:
300 _a1042p
650 _aMathematics
942 _cBK
_2ddc
_h510
_iKOS/D
_k510
_mKOS/D